| 000 | 00542pam a2200169 a 4500 | ||
|---|---|---|---|
| 999 |
_c7942 _d7942 |
||
| 020 | _a0132106345 (alk. paper) | ||
| 050 | 0 | 0 |
_aHD31 _b.C4125 |
| 100 | 1 | _aCerto, Samuel C. | |
| 245 | 1 | 0 |
_aModern management : _bdiversity, quality, ethics, and the global environment / _cSamuel C. Certo. |
| 250 | _a7th ed. | ||
| 260 |
_aUpper Saddle River, N.J. : _bPrentice Hall, _cc1997. |
||
| 300 |
_axvi, 640 p. : _bill. ; _c28 cm. |
||
| 650 | 0 | _aManagement. | |
| 650 | 0 | _aIndustrial management. | |
| 650 | 0 | _aSocial responsibility of business. | |
| 942 | _cBK | ||